000 00749nam a22002057a 4500
999 _c191500
_d191500
005 20220829105627.0
010 _aENG-134729
020 _a9788170002559
_c450.00
035 _aEN-118261
037 _bDBAD/PUB
082 _a025.4
245 _aChanging trends in library and information science:
_bseminar volume/
_cedited by M.D. Baby, R. Reghunathan & stanly james pradeepam
260 _aNew Delhi
_bEss Ess Publications
_c2000
270 _a4837/24, Ansari road, daryaganj
_bNew Delhi
_e110002
_k011-3260807
_l011-3274173
_messess@del3.vsnl.net.in
300 _a189p.
_c22cm(hbk)
_bAppendix, Index
700 _aBaby, M.D.
700 _aReghunathan, R.
700 _aPradeepam, Stanly james
942 _2ddc
_cEN
_h025.4
_mCHA